Central Library || Chittagong University

Biostatistics / (Record no. 109650)

MARC details
000 -LEADER
fixed length control field 00549nam a22002057a 4500
003 - CONTROL NUMBER IDENTIFIER
control field BD-ChCU
005 - DATE AND TIME OF LATEST TRANSACTION
control field 20251120140632.0
008 - FIXED-LENGTH DATA ELEMENTS--GENERAL INFORMATION
fixed length control field 251120b ii ||||| |||| 00| 0 eng d
020 ## - INTERNATIONAL STANDARD BOOK NUMBER
International Standard Book Number 9789384007591
040 ## - CATALOGING SOURCE
Transcribing agency BD-ChCU
082 ## - DEWEY DECIMAL CLASSIFICATION NUMBER
Classification number 570.15195 R222b
100 ## - MAIN ENTRY--PERSONAL NAME
Personal name Rastogi, Veer Bala
9 (RLIN) 16551
245 ## - TITLE STATEMENT
Title Biostatistics /
Statement of responsibility, etc. Veer Bala Rastogi
250 ## - EDITION STATEMENT
Edition statement 3.Red.
260 ## - PUBLICATION, DISTRIBUTION, ETC.
Place of publication, distribution, etc. New Delhi :
Name of publisher, distributor, etc. Med Tech Science Press,
Date of publication, distribution, etc. c2015
300 ## - PHYSICAL DESCRIPTION
Extent 471
505 ## - FORMATTED CONTENTS NOTE
Formatted contents note Includes Glossary & Index
650 #0 - SUBJECT ADDED ENTRY--TOPICAL TERM
Topical term or geographic name entry element Biostatistics
9 (RLIN) 16553
942 ## - ADDED ENTRY ELEMENTS (KOHA)
Source of classification or shelving scheme Dewey Decimal Classification
Koha item type Books
Suppress in OPAC No
Holdings
Withdrawn status Lost status Source of classification or shelving scheme Damaged status Not for loan Home library Current library Shelving location Date acquired Source of acquisition Total Checkouts Full call number Barcode Date last seen Copy number Price effective from Koha item type
    Dewey Decimal Classification     Chittagong University Library Chittagong University Library Science Reading Room 11/20/2025 Purchase   570.15195 R222b 343101 11/20/2025 C-1 11/20/2025 Books
    Dewey Decimal Classification     Chittagong University Library Chittagong University Library Science Reading Room 11/20/2025 Purchase   570.15195 R222b 343102 11/20/2025 C-2 11/20/2025 Books
© Copyright 2025. Chittagong University Library, Installation and Maintenance by Prof. Dr. Md. Alamgir, 01711306253